| 000 | 00972nam a22002657a 4500 | ||
|---|---|---|---|
| 999 |
_c21537 _d21537 |
||
| 003 | AR-CdUCM | ||
| 008 | 190311b ||||| |||| 00| 0 spa d | ||
| 020 | _a9786123170134 | ||
| 040 |
_aMUNICIPALIDAD PROVINCIAL DEL CUSCO _cBIBLIOTECA MUNICIPAL DEL CUSCO |
||
| 082 |
_a194/B81 _bB81 |
||
| 100 |
_aBraverman Korenfeld, Raquel _945284 |
||
| 245 |
_aLevinas : de la morada a la justicia / _cBraverman Korenfeld Raquel ; prólogo de Catherine Chalier |
||
| 260 |
_aLima : _bPontificia Universidad Católica del Perú, _c2014. |
||
| 300 |
_a262 páginas. : _c21 cm. |
||
| 500 | _zBibliografía: p. [251]-262. | ||
| 650 |
_aLevinas, Emmanuel _945285 |
||
| 650 |
_aJusticia (Filosofía) _918934 |
||
| 650 |
_aFilosofía judía _945286 |
||
| 650 |
_aÉtica social _916288 |
||
| 650 |
_aFilosofía moderna _945287 |
||
| 700 |
_aChalier, Catherine (prologuista) _945288 |
||
| 710 |
_aPontificia Universidad Católica del Perú _9400 |
||
| 942 |
_2ddc _cLIBROS |
||
| 945 | _aRoel | ||